000 00518nam a2200181Ia 4500
001 16360
005 20260306170303.0
008 260306t2020||||xx |||||||||||||| ||und||
041 _aESP
082 _a348.54
_bD54
100 _aDelgado Neyra, Paulo César,
_eAUT
245 0 _aEl daño ambiental en el Perú :
_banálisis jurídico y propuesta de regulación en la ley general del ambiente
260 _c2020
300 _a235 páginas :
_c24 cm.
650 _aGEN
654 _aCDE
942 _cLIB
_dJUS
_fJUS
_2ddc
_n
999 _c16360
_d16360